| 000 | 01133cam a22003377a 4500 | ||
|---|---|---|---|
| 003 | CHAP | ||
| 005 | 20220329133522.0 | ||
| 008 | 971013s1993 r 00010 d | ||
| 010 | _a7339 | ||
| 011 | _a8311 | ||
| 035 | _a7537 | ||
| 040 | _cCHAP | ||
| 082 |
_a635.93355 _bO7 |
||
| 100 | 0 | 0 |
_aOrtegón Morales, Alfredo S. _983917 |
| 245 | 1 | 3 | _aEl girasol |
| 260 |
_aMéxico, D.F. : _bTrillas, _c1993 |
||
| 300 |
_a191 p. _b: ilus. |
||
| 500 | _a63-56 | ||
| 590 |
_aBATCH-UPD _b10 _c20130110 _lUCH01 _h1550 |
||
| 590 |
_aBATCH-UPD _b10 _c20130410 _lUCH01 _h0948 |
||
| 590 |
_aBATCH-UPD _b10 _c20130914 _lUCH01 _h1543 |
||
| 590 |
_aCONVERSION _b10 _c20130109 _lUCH01 _h1305 |
||
| 650 | 1 | 4 |
_aAceite de girasol. _9432 |
| 650 | 1 | 4 |
_aGirasol. _948126 |
| 901 | _aBK | ||
| 942 | _cLIBRO | ||
| 949 |
_a635.93355 O7 _bBC _cLIBRO _d33724000604815 _eLIBRO _gI. c/e _h83779 _i7537 _si _t45.00 |
||
| 949 |
_a635.93355 O7 _bBC _cLIBRO _d33724000635470 _eLIBRO _fc.4 _h91711 _i7537 _si |
||
| 949 |
_a635.93355 O7 _bBC _cLIBRO _d33724000664546 _eLIBRO _fc.3 _h83781 _i7537 _si _t45.00 |
||
| 949 |
_a635.93355 O7 _bBC _cLIBRO _d33724000666608 _eLIBRO _fc.2 _h83780 _i7537 _si _t45.00 |
||
| 999 |
_c7339 _d7339 |
||